砥部町「ごみ分別帳」P30 - Statistics

General Stats
  • This quiz has been taken 17 times
  • The average score is 125 of 180
Answer Stats
Answer % Correct
100%
100%
100%
100%
92%
92%
92%
92%
92%
92%
92%
92%
92%
92%
92%
92%
92%
92%
92%
92%
92%
92%
92%
92%
92%
92%
92%
83%
83%
83%
83%
83%
83%
83%
83%
83%
75%
75%
75%
67%
67%
67%
67%
67%
67%
67%
67%
58%
58%
58%
58%
58%
58%
50%
50%
50%
50%
50%
使
50%
50%
50%
50%
50%
42%
42%
42%
42%
42%
42%
33%
33%
25%
25%
25%
25%
25%
25%
25%
25%
25%
25%
25%
25%
25%
17%
17%
17%
17%
17%
8%
8%
8%
8%
0%
No matching quizzes found
Score Distribution
Percent of People with Each Score
Percentile by Number Answered
Your Score History
You have not taken this quiz